Open Data Biblioteca Nacional de Portugal


República Portuguesa: Ministério da Cultura
Biblioteca Nacional de Portugal

Catálogo da BNP: acesso por Identificadores Unívocos
Registos Bibliográficos associados ao registo de autoridade

Etiqueta de registo: 00230nam 2200025 450
001 1772654
003 http://id.bnportugal.gov.pt/bib/catbnp/1772654
010 ## $a978-972-614-451-8
021 ## $aPT$b301478/09
100 ## $a20110223d2009 m y0pory0103 ba
101 0# $apor
102 ## $aPT
105 ## $aa z 000yy
106 ## $ar
200 1# $aTrajectórias escolares e profissionais de jovens com baixas qualificações$fcoord. Maria das Dores Guerreiro$gut. Frederico Cantante, Margarida Barroso
210 #9 $aLisboa$cGabinete de Estatística e Planeamento da Educação,$d2009
215 ## $a273 p.$d28 cm
320 ## $aBibliografia, p. 247-253
675 ## $a331.5-053.6(469)"199/200"$vBN$zpor$31466509
675 ## $a37.014(469)"199/200"$vBN$zpor$31466510
702 #1 $aGuerreiro,$bMaria das Dores$4340$3117695
702 #1 $aCantante,$bFrederico$4070$31452945
702 #1 $92$aBarroso,$bMargarida$4070$31272063
801 #0 $aPT$bBN$gRPC
900 ## $aBIBNAC$d20110812
966 ## $lBN$mFGMON$sS.C. 125788 V.$x1
966 ## $lBN$mFGMON$sS.C. 125788 V.-D$x1

Etiqueta de registo: 00000nam 2200025 450
001 2010281
003 http://id.bnportugal.gov.pt/bib/catbnp/2010281
010 ## $a978-972-40-7814-4
021 ## $aPT$b451789/19
100 ## $a20190107d2019 m y0pory01030103ba
101 0# $apor
102 ## $aPT
105 ## $aa z 000yy
106 ## $ar
200 1# $a O risco da desigualdade$fFrederico Cantante
210 #9 $aCoimbra$cAlmedina,$d2019
215 ## $a189 p.$cil.$d23 cm
675 ## $a316.344(469)"20"$vBN$zpor$31488726
675 ## $a331.5(469)"20"$vBN$zpor$31514856
675 ## $a331.21(469)"20"$vBN$zpor$31751021
675 ## $a336.22(469)"20"$vBN$zpor$31584120
700 #1 $aCantante,$bFrederico$31452945
801 #0 $aPT$bBN$gRPC
856 41 $uhttp://rnod.bnportugal.gov.pt/ImagesBN/winlibimg.aspx?skey=&doc=2010281&img=124653&save=true
900 ## $aBIBNAC$d20190506
966 ## $lBN$mFGMON$sS.C. 150451 V.$x1
966 ## $lBN$mFGMON$sS.C. 150451 V.-D$x1

Etiqueta de registo: 00000nam 2200025 450
001 2014734
003 http://id.bnportugal.gov.pt/bib/catbnp/2014734
100 ## $a20190215d2018 k y0pory01030103ba
101 0# $apor$deng
102 ## $aPT
105 ## $aa m 000yy
106 ## $ar
200 1# $aDesigualdades de rendimento a partir do topo em Portugal$emercado de trabalho, redistribuição e fiscalidade$fFrederico Manuel Pincho Cantante$gorient. Renato Miguel do Carmo, Carlos Farinha Rodrigues
210 #9 $aLisboa$c[s.n.],$d2018
215 ## $aXII, 285 p.$cil.$d30 cm
328 #1 $aTese dout. Sociologia, ISCTE-IUL, Instituto Universitário de Lisboa, 2018
675 ## $a316.344(469)"20"(043)$vBN$zpor$31488723
675 ## $a331.5(469)"20"(043)$vBN$zpor$31343114
675 ## $a331.21(469)"20"(043)$vBN$zpor$31749260
675 ## $a336.22(469)"20"(043)$vBN$zpor$31749261
700 #1 $aCantante,$bFrederico$31452945
702 #1 $aCarmo,$bRenato Miguel do,$f1971-$4727$3272716
702 #1 $aRodrigues,$bCarlos Farinha,$f1962-$4727$3248531
801 #0 $aPT$bBN$gRPC
966 ## $lBN$mFGMON$sS.C. 150316 V.$x1

Etiqueta de registo: 00254nam 2200025 450
001 2287848
003 http://id.bnportugal.gov.pt/bib/catbnp/2287848
021 ## $aPT$b564921/26
100 ## $a20260615d2026 m y0pory01030103ba
101 0# $apor
102 ## $aPT
105 ## $ay z 000yy
106 ## $ar
200 1# $aRelatório emprego em Portugal$ediagnóstico e recomendações de política pública e estratégias empresariais$fcoord. científica Jorge Caleiras, Ana Teixeira$ginvestigadores André Mendes Barata... [et al.]$gcolab. Filipe Lamelas, Frederico Cantante, Paulo Pedroso
210 #9 $aLisboa$cColabor - Laboratório Colaborativo para o Trabalho, Emprego e Proteção Social,$d2026
215 ## $a121 p.$d30 cm
702 #1 $aPedroso,$bPaulo,$f1965-$4205$3112505
702 #1 $aCantante,$bFrederico$4205$31452945
702 #1 $aLamelas,$bFilipe$4205$32000579
702 #1 $aBarata,$bAndré Mendes$4560$32000578
702 #1 $99$aTeixeira,$bAna$4695$31997804
702 #1 $aCaleiras,$bJorge$4695$3967894
801 #0 $aPT$bBN$gRPC
966 ## $lBN$mFGMON$x1
971 ## $cabrito$d20260615

OpendataBNP@bnportugal.pt | Mais informação sobre acesso aos dados BNP